| Поле | Инд. | ПП | Название | Значение |
|---|---|---|---|---|
| Тип записи | a | |||
| Библиографический уровень | m | |||
| 001 | Контрольный номер | aa3cd9237499411d87c7c894069f3396 | ||
| 005 | Дата корректировки | 20220825085835.7 | ||
| 024 | 80 | a | Стандартный номер | 10.02.19 |
| 040 | a | Служба первич. каталог. | НБ ТвГУ | |
| b | Код языка каталог. | rus | ||
| e | Правила каталог. | PSBO | ||
| 041 | 0_ | a | Код языка текста | rus |
| 080 | a | Индекс УДК | 81'373.46=111=161.1(043.3) | |
| 084 | a | Индекс другой классификации/Индекс ББК | Ш105.32я031 | |
| 084 | a | Индекс другой классификации/Индекс ББК | Ш141.12-324я031 | |
| 084 | a | Индекс другой классификации/Индекс ББК | Ш143.21-324я031 | |
| 090 | a | Полочн. индекс | Ш105.3 | |
| x | Авторский знак | З-91 | ||
| 097 | b | Оператор | Semenova.ZR | |
| 100 | 1_ | a | Автор | Зубкова Марина Анатольевна |
| e | Роль лиц | Автор | ||
| 245 | 10 | a | Заглавие | Факторы образования и развития терминосистем банковской сферы как параметры их моделирования (на материале английского и русского языков) |
| b | Продолж. заглавия | автореферат диссертации ... кандидата филологических наук : 10.02.19 - теория языка | ||
| c | Ответственность | М. А. Зубкова ; научный руководитель: Н. Ф. Крюкова ; оппоненты: С. А. Маник, Е. В. Александрова | ||
| 260 | c | Дата издания | 2021 | |
| a | Место издания | Тверь | ||
| b | Издательство | б. и. | ||
| 300 | a | Объем | 24 с. | |
| b | Иллюстрации/ тип воспроизводства | ил., табл. | ||
| 500 | a | Примечание | На правах рукописи | |
| 653 | 0_ | a | Ключевые слова | Филология |
| a | Ключевые слова | Теория языка | ||
| a | Ключевые слова | Лингвистика | ||
| a | Ключевые слова | Лексикология | ||
| a | Ключевые слова | Терминология | ||
| a | Ключевые слова | Термины | ||
| a | Ключевые слова | Терминоведение | ||
| a | Ключевые слова | Терминосистемы банковской сферы | ||
| a | Ключевые слова | Банковская терминология | ||
| a | Ключевые слова | Банковские термины | ||
| a | Ключевые слова | Банковские терминосистемы | ||
| a | Ключевые слова | Русский язык | ||
| a | Ключевые слова | Английский язык | ||
| a | Ключевые слова | Кандидатские диссертации | ||
| a | Ключевые слова | Авторефераты | ||
| 700 | 12 | a | Другие авторы | Крюкова Наталия Федоровна |
| e | Роль лиц | Научный руководитель | ||
| 700 | 12 | a | Другие авторы | Маник Светлана Андреевна |
| e | Роль лиц | Оппонент | ||
| 700 | 12 | a | Другие авторы | Александрова Елена Владиславовна |
| e | Роль лиц | Оппонент | ||
| 710 | 12 | a | Организация/ юрисдикция | Тверской государственный университет |
| e | Роль коллектива | место выполнения работы, место защиты | ||
| 710 | 12 | a | Организация/ юрисдикция | Нижегородский государственный лингвистический университет им. Н. А. Добролюбова |
| e | Роль коллектива | ведущая организация | ||
| 901 | t | Тип документа | d | |
| 920 | a | Оператор | Семен | |
| a | Оператор | Рунт | ||
| a | Оператор | Стро | ||
| 930 | a | Новая/Ретро | новая | |
| 952 | c | Вид литературы | А/Р н | |
| 954 | b | Дата поступления в ОК | 20220817 | |
| a | Дата поступления на обработку | 20220823 | ||
| c | Дата окончания ОНО | 20220825 |